Historia de los caminos de México = History of the roads of Mexico (notice nᵒ 11049)
[ vue normale ]
| 000 -Sello discográfico | |
|---|---|
| campo de control de longitud fija | 01641nam a2200445 4500 |
| 005 - Identificación de versión | |
| campo de control | 20251016085047.0 |
| 010 ## - Número Estándar Internacional de Libros (ISBN) | |
| Número (ISBN) | 968-7457-22-8 (Obra completa) |
| 035 ## - Otros números de control del sistema | |
| Número de control del sistema | 12550 |
| 099 ## - fechas locales | |
| Tipo de ítem Koha | LIBRO |
| 100 ## - Datos de procesamiento general | |
| Datos de procesamiento general | 20040308d1994 m y1spay5003 ba |
| 101 1# - Idioma del recurso | |
| Idioma del texto, banda sonora, etc. | Español; Castellano |
| -- | Inglés |
| 105 ## - Campo de datos codificados: Material textual, monográfico | |
| Datos codificados de monografía | a 001zy |
| 200 1# - Título y mención de responsabilidad | |
| Título propio | Historia de los caminos de México = History of the roads of Mexico |
| Designación general del material | texto impreso |
| Primer mención de responsabilidad | Samuel Salinas Alvarez |
| 205 ## - Declaración de edición | |
| Declaración de edición | 1a ed |
| 210 ## - Publicación, distribución, etc. | |
| Lugar de publicación, distribución, etc. | México |
| Nombre del editor, distribuidor, etc. | Banco Nacional de Obras y Servicios Públicas |
| Fecha de publicación, distribución, etc. | 1994 |
| 215 ## - Descripción física | |
| Designación de material específico y extensión del ítem | 4 v |
| Otras características físicas | principalmente fot. |
| Dimensiones | 33 cm |
| 318 ## - Nota de acción | |
| Acción | No se presta a domicilio |
| 327 ## - Nota de contenidos | |
| Texto de la nota | v.1: Epoca prehispánica, época colonial = Prehispanic period. Colonial period -- v.2: Siglo XIX = 19th century -- v.3: Siglo XX = 20th century -- v.4: Los años recientes = Recent years |
| 345 ## - Nota de información de adquisición | |
| Fuente de adquisición/dirección de la suscripción [OBSOLETO] | Donación |
| 606 ## - Término temático usado como materia | |
| Elemento de entrada | Caminos |
| Subdivisión temática | Historia |
| Subdivisión geográfica | México |
| Número Koha | 17649 |
| 606 ## - Término temático usado como materia | |
| Elemento de entrada | Carreteras |
| Subdivisión temática | Historia |
| Subdivisión geográfica | México |
| Número Koha | 17650 |
| 606 ## - Término temático usado como materia | |
| Elemento de entrada | Comunicaciones y tráfico |
| Subdivisión geográfica | México |
| Subdivisión temática | Historia |
| Número Koha | 17651 |
| 660 ## - Código de área geográfica | |
| Código | MX |
| 700 ## - Nombre personal - Responsabilidad primaria | |
| Elemento de entrada | Salinas Alvarez |
| Parte del nombre distinta del elemento de entrada | Jacinto Samuel |
| Número Koha | 14722 |
| 801 #0 - Fuente de origen | |
| Agencia | cm |
| 900 ## - | |
| -- | 1/6921 |
| 900 ## - | |
| -- | 7100418685\080304 |
| 942 ## - ELEMENTOS DE ENTRADA SECUNDARIOS (KOHA) | |
| Tipo de ítem Koha | Livre |
| 996 ## - | |
| -- | MEX |
| -- | 751145101 |
| -- | MMAG |
| -- | 004126 |
| -- | R388.1 S165H V.1 |
| -- | 20200701LIV |
| 996 ## - | |
| -- | MEX |
| -- | 751145101 |
| -- | MMAG |
| -- | 004127 |
| -- | R388.1 S165H V.2 |
| -- | 20200701LIV |
| 996 ## - | |
| -- | MEX |
| -- | 751145101 |
| -- | MMAG |
| -- | 004128 |
| -- | R388.1 S165H V.3 |
| -- | 20200701LIV |
| 996 ## - | |
| -- | MEX |
| -- | 751145101 |
| -- | MMAG |
| -- | 004129 |
| -- | R388.1 S165H V.4 |
| -- | 20200701LIV |
| Estatus retirado | Estado de daño | Estado de pérdida | Fecha de adquisición | Biblioteca de origen | Biblioteca actual | Ubicación en estantería | Código de barras | Precio de reemplazo | Signatura topográfica completa | No para préstamo | Tipo de ítem Koha | Nota pública | Nota no pública |
|---|---|---|---|---|---|---|---|---|---|---|---|---|---|
| 05/08/2025 | Casa México Paris | Casa México Paris | 004126 | 05/08/2025 | R388.1 S165H V.1 | No se presta a domicilio | Livre | 20200701LIV | 751145101 | ||||
| 05/08/2025 | Casa México Paris | Casa México Paris | 004127 | 05/08/2025 | R388.1 S165H V.2 | No se presta a domicilio | Livre | 20200701LIV | 751145101 | ||||
| 05/08/2025 | Casa México Paris | Casa México Paris | 004128 | 05/08/2025 | R388.1 S165H V.3 | No se presta a domicilio | Livre | 20200701LIV | 751145101 | ||||
| 05/08/2025 | Casa México Paris | Casa México Paris | 004129 | 05/08/2025 | R388.1 S165H V.4 | No se presta a domicilio | Livre | 20200701LIV | 751145101 |